Xarxa de Parcs Naturals
Descripción Física:
1 f. plegat en 4 parts. : il. ; 24 cm
MARC
| LEADER | 00000nam a2200000Ia 4500 | ||
|---|---|---|---|
| 001 | 15381 | ||
| 008 | 160829s9999 xx 000 0 cat d | ||
| 080 | |a FU-35-54 | ||
| 110 | 1 | |a Barcelona (Catalunya : Província). |b Xarxa de Parcs Naturals |9 7250 | |
| 245 | |a Xarxa de Parcs Naturals | ||
| 250 | |a Ed. en català | ||
| 260 | |a Barcelona : |b Diputació de Barcelona, Xarxa de Municipis, Xarxa de Parcs Naturals, DL 2003 | ||
| 300 | |a 1 f. plegat en 4 parts. : |b il. ; |c 24 cm | ||
| 590 | |a A la contraportada: Àrea d'Espais Naturals. | ||
| 590 | |a Inclou un mapa amb la localització dels parcs naturals de la província de Barcelona | ||
| 610 | 1 | 0 | |a Barcelona (Catalunya : Província). |b Xarxa de Parcs Naturals |9 7250 |
| 650 | 0 | |a Espais naturals |z Barcelona (Província) |9 40638 | |
| 710 | |a Barcelona (Catalunya : Província). |b Àrea d'Espais Naturals |9 9050 | ||
| 901 | |a Arxiu | ||
| 942 | |n 1 | ||
| 952 | |0 0 |1 0 |4 0 |6 FU3554 |7 1 |9 44834 |a Arxiu |b Arxiu |d 2016-12-01 |l 0 |o FU-35-54 |p 15381 |r 2016-12-01 00:00:00 |w 2016-12-01 |y ARXIU | ||
| 999 | |c 47432 |d 47432 | ||